Statistics for European Coastal Countries

Click here to take the quiz!

General Stats

  • This quiz has been taken 935 times
  • The average score is 29 of 30

Answer Stats

Country% Correct
France
99%
Norway
99%
Sweden
99%
United Kingdom
99%
Finland
98%
Ireland
98%
Italy
98%
Portugal
98%
Spain
98%
Croatia
97%
Denmark
97%
Estonia
97%
Greece
97%
Latvia
97%
Germany
96%
Lithuania
96%
Netherlands
96%
Albania
95%
Belgium
95%
Iceland
95%
Russia
95%
Poland
93%
Bosnia & Herzegovina
92%
Monaco
92%
Slovenia
92%
Bulgaria
91%
Malta
91%
Romania
90%
Montenegro
89%
Ukraine
87%

Score Distribution

Percentile by Number Answered

Percent of People with Each Score

Your Score History

You have not taken this quiz